England E & F - Statistics

General Stats
  • This quiz has been taken 21 times
  • The average score is 7 of 11
Answer Stats
Hint Answer % Correct
County between Greater London and Suffolk Essex
94%
Street in London which used to be the home of Newspapers Fleet
88%
First name of West Midlands comedian Skinner Frank
88%
First name of singer Humperdinck Engelbert
81%
Small Fenland city Ely
75%
English county on the South coast between West Sussex and Kent East Sussex
69%
Seaside town in East Sussex Eastbourne
63%
Town on the coast in Lancashire at the mouth of the river Wyre Fleetwood
63%
Channel port with a stop on the Eurostar Folkestone
56%
English family pop group who were huge in the second half of the 80's Five Star
50%
80's UK sitcom starring Julia McKenzie and Anton Rodgers Fresh Fields
19%
No matching quizzes found
Score Distribution
Percent of People with Each Score
Percentile by Number Answered
Your Score History
You have not taken this quiz